000 00410nam a22001577a 4500
003 MPLRDC
005 20220104143556.0
008 210129b ||||| |||| 00| 0 eng d
082 _a050.1 DZWZ v.1 1985 c.4*
100 _a林太乙主编
245 _a读者文摘. 一月号85
_c
260 _a
_b读者文摘亚洲有限公司
_c1985
300 _b
650 _a
942 _cBK
_o050.1 DZWZ v.1 1985 c.4*
999 _c41252
_d41242